00737nam a2200253 a 4500001001300000003000900013005001700022008004100039020002300080082001600103100001900119245004100138260002900179300000900208500003500217505001000252650003700262650001600299700001900315902000800334942000700342952011700349999001700466nice12345678IN_TiNIC20260116013929.0050524s1997 dela grp 000 0 eng  a8170305 c15000a291.23bCOW aCoward, Harold aLife After Death in World Religions. aDelhibSri Satguruc1997 a131p aincludes index and biblioraphy2 aIndex aComparative Religion-Eschatology aEschatology1 aCoward, Harold bSRS cBK 001040708StackRoom-aHMIbHMId2007-07-19g150.00l0o291.23 COWp017700r2007-07-19v150.00w2005-05-24yBK c13158d13158